000 00832nam a2200253Ia 4500
003 OSt
005 20221005112637.0
006 a|||||r|||| 00| 0
007 ta
008 221004b |||||||| |||| 00| 0 pan d
020 _a8188852716 (hbk)
_c175
024 _a5522
037 _b730, 27/06/2013, H.K. Prakashan
_cTextual
040 _aCRL
_cCRL
_bpan
041 _2pan
_apan
082 _aP153:3, 153P8
100 _aਵੇਦ ਅਗਨੀਹੋਤਰੀ
245 0 _aFਬਦ ਸਰੋਕਾਰ
260 _aਜਲੰਧਰ
_bਦੀਪਕ ਪਬਲਿFਰਗ਼ ਭਾਰਤ
_c2008
300 _a112ਪੰ
_ccm.
650 _aਪੰਜਾਬੀ ਭਾFਾ
942 _hP153:3, 153P8
_cTEXL
_2cc
999 _c1025505
_d1025505